000 00577cam a22002051 4500
001 sa 64007236
003 DLC
005 20260227112045.0
008 940331s1959 io 000 0 ind
010 _asa 64007236
025 _aPL480:Indo-790
035 _a(OCoLC)30063828
040 _aDLC
_cCU
_dDLC
042 _apremarc
050 0 0 _aPL5089.S6
_bS5
100 1 _aSontani, Utuy Tatang,
_d1920-
245 1 0 _aSi Kabajan,
_bkomedi dua babak,
_coleh Utuy T. Sontani.
260 _aDjakarta,
_bBagian Penerbitan Lembaga Kebudajaan Rakjat,
_c1959.
300 _a38 p.
_c18 cm.
999 _c60117
_d60117